Datum a čas kvízu
23
Celkem bodů
Celkový počet nahraných bodů na tomto kvízu bez doplňovacích otázek.
9.
Pořadí na kvízu
Konečné umístění týmu na tomto kvízu.
Zaznamenané odpovědi
| # | Otázka | Odpověď | Body | Výsledky |
|---|---|---|---|---|
| 1. | V pondělí se konal ustavující... | GEN | 1 | |
| 2. | Oblíbená turistická atrakce, 6... | v Krakově | 1 | |
| 3. | Minulý týden jsme se dozvěděli... | Praha | 0 | |
| 4. | Jak se nazývá zvířecí znamení... | had | 1 | |
| 5. | O víkendu proběhly v Ostravě k... | (Jižní) Korea, Tomáš Berdych | 0.5 | |
| 6. | Začneme největšími společnými... | (Vše)sokolský slet, Spartakiáda | 1 | |
| 7. | Napište anglický dvouslovný ná... | step aerobic | 1 | |
| 8. | Cvičení na tomto „půlmíči“ je... | BOSU | 1 | |
| 9. | Jógu, přesněji řečeno hatha jó... | ásany | 0 | |
| 10. | Tato žena se narodila v roce 1... | Jane Fonda | 0 |